Paroles 'La tribu de Dana' - Statistiques

Statistiques générales
  • Ce quiz a été pris 11 535 fois
    11 479 depuis la dernière actualisation
  • Le résultat moyen est 407 sur 549
Statistiques - réponses
Paroles % Correct
de
99%
la
99%
Là,
99%
là,
99%
dans
98%
Dans
98%
Le
98%
le
98%
à
97%
a
97%
vallée.
97%
vallée
97%
Dana.
95%
Dana
95%
les
95%
Les
95%
et
93%
fils
92%
ma
92%
me
92%
mon
92%
en
91%
je
91%
femme,
90%
sur
90%
domaine.
89%
domaine,
89%
du
89%
est
88%
armoricaine,
87%
armoricaine
87%
tribu
87%
tribu,
87%
vent
87%
Bretagne
86%
ce
86%
forgeron
86%
plaine.
86%
souffle
86%
chercher,
85%
se
85%
venu
85%
combat
84%
combat,
84%
un
84%
on
83%
j'ai
82%
des
81%
ohoh
81%
plaines
81%
regard
81%
regard,
81%
dernier
80%
ont
80%
pour
80%
Pour
80%
son
80%
druides
79%
guerriers
79%
79%
échos.
78%
entendre
78%
ancêtres,
77%
ancêtres
77%
au
77%
Au
77%
jette
77%
nos
77%
Akim,
76%
décidé
76%
mener
76%
pu
76%
sont
76%
tous
76%
tout
76%
celtes,
75%
qui
75%
ces
73%
que
72%
bataille
71%
lalilala.
71%
sa
71%
maîtres,
70%
nous
70%
pas
70%
moi
69%
moi,
69%
qu'il
68%
Toute
68%
toute
68%
autour
67%
imposés
67%
guerre
66%
main
66%
terre,
66%
terre
66%
après
65%
Après
65%
c'est
65%
mes
65%
Mes
65%
y
65%
ça
64%
courage,
64%
dieux
64%
géants
64%
grands
64%
ne
64%
chants
63%
notre
63%
roi
63%
suis
63%
chef
62%
être
62%
une
62%
digne
61%
faille,
61%
tombeaux.
61%
toujours
61%
ait
60%
devenu
60%
fer.
60%
qu'à
60%
batailles,
59%
fois
59%
pars
59%
près
59%
quand
59%
qu'ils
59%
arriver
58%
donné
58%
gorgées
58%
grandes
58%
pourquoi.
58%
pourquoi
58%
première
58%
réunie
58%
s'est
58%
d'hydromel,
57%
j'espère
57%
jour
57%
magie,
57%
seul
57%
bénir.
56%
croiser
56%
défendre
56%
afin
55%
armée
55%
car
55%
menhirs,
55%
puissent
55%
voilà
55%
armes
54%
debout
54%
ennemi
54%
j'étais
54%
m'ont
54%
contre
53%
rester
53%
vers
53%
incantations
52%
l'ennemi,
52%
l'ennemi
52%
sang
52%
surnombre.
52%
quelques
51%
était
50%
glaive
50%
invoquer
50%
larmes,
50%
l'heure
50%
lutte
50%
posa
50%
serons
50%
fait
49%
frères
49%
horde,
49%
long
49%
mains
49%
d'un
48%
épargné
48%
fiers
48%
maintenant
48%
prête
48%
rejoint
48%
revenait
48%
avaient
47%
barbares,
47%
chemin
47%
comprenais
47%
couler
47%
soleil
47%
voyais
47%
corne,
46%
mais
46%
noir
46%
ombres,
46%
rappelait
46%
Comme
45%
comme
45%
d'Eden
45%
d'une
45%
entendait
45%
jardin
45%
joues
45%
l'herbe
45%
toutes
45%
verte
45%
chefs
44%
épées
44%
histoire
44%
mises
44%
perdu,
44%
compris
43%
couchant,
43%
état
43%
lâchant
43%
reconstruit
43%
sans
43%
sous
43%
faire
42%
l'un
42%
terres?
42%
terrible
42%
tombaient
42%
continué
41%
courait
41%
déjà
41%
enterrés
41%
fierté
41%
haches
41%
jusqu'au
41%
l'autre
41%
lois
41%
zèle,
41%
devant
40%
poids
40%
repartaient,
40%
conté.
39%
jamais
39%
lances,
39%
n'ai
39%
plus
39%
qu'on
39%
enfer
38%
haine,
38%
jours
38%
bout
37%
doigts
37%
mal
37%
possédaient
37%
avec
36%
telle
36%
appartenaient
35%
écartés
35%
fallait
35%
peine
35%
cette
34%
d'acharnement,
34%
limite
34%
même
34%
prière
34%
férocité
33%
traîne
33%
tranchant
33%
avait-il
32%
l'homme
32%
lutterait
32%
Simériens
32%
continuer
31%
écoulait
31%
règne
31%
extrême
28%
fallait-il
28%
Aucun quiz correspondant
Distribution des résultats
% des personnes avec chaque résultat
Percentile par nombre de réponses
Votre historique - résultats
Vous n’avez pas pris ce quiz depuis la dernière actualisation